Nuevas voluntades para responder viejas preguntas : (Registro nro. 5736)
[ vista simple ]
| 000 -LEADER | |
|---|---|
| fixed length control field | 01418nab a22002417a 4500 |
| 003 - CONTROL NUMBER IDENTIFIER | |
| control field | OSt |
| 005 - DATE AND TIME OF LATEST TRANSACTION | |
| control field | 20260101193216.0 |
| 008 - FIXED-LENGTH DATA ELEMENTS--GENERAL INFORMATION | |
| fixed length control field | 190514b xxu||||| |||| 00| 0 spa d |
| 040 ## - CATALOGING SOURCE | |
| Transcribing agency | PJ |
| 100 ## - MAIN ENTRY--PERSONAL NAME | |
| 9 (RLIN) | 6656 |
| Personal name | Ferrero, Cecilia M. |
| 245 10 - TITLE STATEMENT | |
| Title | Nuevas voluntades para responder viejas preguntas : |
| Remainder of title | ¿quién es el padre? / |
| Statement of responsibility, etc | Cecilia M. Ferrero. |
| 300 ## - PHYSICAL DESCRIPTION | |
| Extent | p. 115-125 |
| 500 ## - GENERAL NOTE | |
| General note | Cita: TR LALEY AR/DOC/3255/2024. |
| 505 ## - FORMATTED CONTENTS NOTE | |
| Formatted contents note | Sumario: I. Reseña del fallo.— II. Introducción.— III. Acción de filiación en el Cód. Civil. Reclamación de filiación y derecho a la identidad.— IV. La filiación binaria y la pluriparentalidad.— V. Distintas respuestas doctrinarias y judiciales para el reconocimiento de la triple filiación.— VI. Posición normativa del fallo bajo estudio.— VII. Legitimación para obrar.— VIII. A modo de cierre. <br/> |
| 505 ## - FORMATTED CONTENTS NOTE | |
| Formatted contents note | Fallo comentado: GEJUAF Godoy Cruz ~ 13/06/2024 ~ Octava Asesoría de Menores e Incapaces en representacion de D. L. C. M. J. s/ acción de triple filiación. |
| 650 #0 - SUBJECT ADDED ENTRY--TOPICAL TERM | |
| 9 (RLIN) | 967 |
| Topical term or geographic name as entry element | DERECHO DE FAMILIA |
| 650 #0 - SUBJECT ADDED ENTRY--TOPICAL TERM | |
| 9 (RLIN) | 2345 |
| Topical term or geographic name as entry element | DERECHO A LA IDENTIDAD |
| 650 #0 - SUBJECT ADDED ENTRY--TOPICAL TERM | |
| 9 (RLIN) | 1004 |
| Topical term or geographic name as entry element | FILIACION |
| 650 #0 - SUBJECT ADDED ENTRY--TOPICAL TERM | |
| 9 (RLIN) | 3888 |
| Topical term or geographic name as entry element | LEGITIMACION ACTIVA |
| 650 #0 - SUBJECT ADDED ENTRY--TOPICAL TERM | |
| 9 (RLIN) | 1057 |
| Topical term or geographic name as entry element | JURISPRUDENCIA APLICABLE |
| 773 0# - HOST ITEM ENTRY | |
| Host Biblionumber | 2844 |
| Host Itemnumber | 3222 |
| Place, publisher, and date of publication | Buenos Aires : AbeledoPerrot, 1989- |
| Title | Derecho de familia. Revista Interdisciplinaria de doctrina y jurisprudencia. Febrero 2025-I. |
| International Standard Book Number | 18511201 |
| 942 ## - ADDED ENTRY ELEMENTS (KOHA) | |
| Source of classification or shelving scheme | |
| Koha item type | Analítica Artículo de Revista |
No hay ítems disponibles.
